00235nam a2200085Ia 4500245002600000100005600026942000700082008004100089999001900130 0aNever dream of dying  a BENSON. Raymond Bath. 2001 LARGE PRINT 954685 cBK210825s9999 xx 000 0 und d c479636d479635